000 00593cam a2200193 4500500
005 20260405002234.0
041 _afre
042 _adc
100 1 0 _ade Oliveira, Victorine
_eauthor
245 0 0 _aUn furieux désir de sacrifice. Le surmusulman
260 _c2016.
500 _a100
690 _afanatisme
690 _aFethi Benslama
690 _aIslam
690 _aRadicalisation
786 0 _nPhilosophie magazine | 101 | 7 | 2016-07-01 | p. 69-69 | 1951-1787
856 4 1 _uhttps://shs.cairn.info/magazine-philosophie-magazine-2016-7-page-69?lang=fr&redirect-ssocas=7080
999 _c2055738
_d2055738